000 00757nam a22002177a 4500
005 20251108173352.0
008 250721s2003 xx 000 0 ara d
082 1 4 _a616.08/ماك
100 1 _aماكليرن، ليز
245 1 0 _aالطب البديل للأسرة : الإكتئاب ، أعراضه ، وأسبابه، وتشخيصه ، والخلاص منه /
246 1 1 _aUNDERSTANDING DEPRESSION
264 1 _aدمشق :
_bدار علاء الدين للنشر والتوزيع والترجمة،
_c2003.
300 _a125 ص.
650 1 7 _aالطب النفسي
650 1 7 _aالكآبة
650 1 7 _aالقلق
650 1 7 _aالعلاج النفسي
700 1 _aرمو، أحمد
_eTran.
942 _2ddc
_cBK
999 _c102293
_d102293